000
00313nam a22001337a 4500
008
170815b xxu||||| |||| 00| 0 eng d
020
_a
9781583605547
041
_a
eng
080
_2
3 ED
_a
51
100
_a
36
101
_a
NAT
245
_a
CORRECTIONS IN THE COMMUNITY
_c
LATESSA.E.J
942
_2
udc
_c
BK
999
_c
23570
_d
23570